000 00414nam a2200157Ia 4500
008 090124s9999 xx 000 0 und d
082 _b204946
245 _a पंचतंत्र
250 _a1
260 _bकौशिक अशोक
_c2000
300 _a166
630 _a पंचतंत्र
700 _aकौशिक अशोक
730 _a पंचतंत्र
942 _cBOOK
999 _c186527
_d186527